000 00862nam0a22002651 4500
001 rc\4076555
005 20250611081956.0
021 _aRU
_b[52-31892]
035 _a(NLR Aleph) 008123203
090 _a9376666
_c9376666
100 _a20130415d1952 |||y0rusy50 ca
101 0 _arus
102 _aRU
105 _ay z |||a|
200 1 _aСемья Рубанюк
_eРоман
_eКн. 1 и 2
210 _aМосква
_cСов. писатель
_d1952
215 _a904 с.
_d23
606 _aУкраинцы в Великой Отечественной войне (х. л.)
_2psbo
606 _aКолхозы и колхозники (х. л.)
_2psbo
700 1 _aПоповкин
_bЕ.Е.
_f1907-1968
_gЕвгений Ефимович
801 0 _aRU
_bNLR
_gpsbo
801 1 _aRU
_bELAR
_2rusmarc
852 _aNLR
_jЛ30 Г-5/685
942 _cBOOK
980 _aNB